000 00309nam a22001337a 4500
008 170725b xxu||||| |||| 00| 0 eng d
020 _a9781890774479
041 _aeng
080 _a004
100 _a29
101 _aSHKI
245 _aASP.NET 3.5 WEB PROGRAMMING WITH VB 2008
_cBOEHM, A
942 _2udc
_cBK
999 _c21893
_d21893